000 00357nam a2200145Ia 4500
008 210210b1971 xxu||||| |||| 00| 0 eng d
020 _a0 19 501394 8
082 _a301 WOLF
100 _aWOLFF (Kurt H), Ed.
245 _aFrom Karl Mannheim.
260 _aNY
_bOxford University Press
_c1971
300 _acxl,393
690 _aSociology
906 _a041104
999 _c91164
_d91164